Welcome to CU Library Online Public Access Catalogue (OPAC)

Cases and Materials on Torts (Record no. 4695)

MARC details
000 -LEADER
fixed length control field 00502nam a22001817a 4500
005 - DATE AND TIME OF LATEST TRANSACTION
control field 20250311211255.0
008 - FIXED-LENGTH DATA ELEMENTS--GENERAL INFORMATION
fixed length control field 250311b |||||||| |||| 00| 0 eng d
020 ## - INTERNATIONAL STANDARD BOOK NUMBER
International Standard Book Number 1566631526
050 ## - LIBRARY OF CONGRESS CALL NUMBER
Classification number KF1249
Item number .P7 1994
100 ## - MAIN ENTRY--PERSONAL NAME
Personal name Wade, John W.
245 ## - TITLE STATEMENT
Title Cases and Materials on Torts
Statement of responsibility, etc. Wade, John W.
250 ## - EDITION STATEMENT
Edition statement 9th ed.
260 ## - PUBLICATION, DISTRIBUTION, ETC.
Place of publication, distribution, etc. New York ;
Name of publisher, distributor, etc. The Foundation Press
Date of publication, distribution, etc. c1994
300 ## - PHYSICAL DESCRIPTION
Extent iv, 1234 p. ;
500 ## - GENERAL NOTE
General note Includes index and photos
700 ## - ADDED ENTRY--PERSONAL NAME
Personal name Schwartz, Victor E.
942 ## - ADDED ENTRY ELEMENTS (KOHA)
Source of classification or shelving scheme Library of Congress Classification
Koha item type Books
Suppress in OPAC No
999 ## -
-- 4695
-- 4695
Holdings
Withdrawn status Lost status Source of classification or shelving scheme Damaged status Not for loan Collection Home library Current library Shelving location Date acquired Total checkouts Full call number Barcode Date last seen Copy number Price effective from Koha item type
    Library of Congress Classification     Non-fiction Law Library (Christ Temple) Law Library (Christ Temple) General stacks 03/11/2025   KF1249.P7 PRO LLCT00000283 03/11/2025 1 03/11/2025 Books
© 2023-2024 Copyright: Central University Libraries. All Rights Reserved | Created by: Mahone Tech Office